Countries with Wild Black Rhinos - Statistics

General Stats
  • This quiz has been taken 49 times
  • The average score is 11 of 13
Answer Stats
Original/Introduced Countries % Correct
Original South Africa
100%
Original Namibia
98%
Re-Introduced Botswana
95%
Original Kenya
95%
Original Mozambique
95%
Re-Introduced Zambia
95%
Original Zimbabwe
95%
Re-Introduced Malawi
88%
Original Tanzania
88%
Re-Introduced Eswatini
85%
Re-Introduced Rwanda
73%
Re-Introduced Chad
65%
Introduced Ivory Coast
40%
No matching quizzes found
Score Distribution
Percent of People with Each Score
Percentile by Number Answered
Your Score History
You have not taken this quiz